[Event "Skopje op 18th"]
[Site "Skopje"]
[Date "2002.01.21"]
[Round "7"]
[White "Georgiev, Kiril"]
[Black "Graf, Alexander"]
[Result "0-1"]
[WhiteElo "2655"]
[BlackElo "2605"]
[Annotator "Ribli,Z"]
[PlyCount "184"]
[EventDate "2002.01.15"]
[EventType "swiss"]
[EventRounds "9"]
[EventCountry "MKD"]
[SourceTitle "CBM 088"]
[Source "ChessBase"]
[SourceDate "2002.03.21"]
[SourceVersion "1"]
[SourceVersionDate "2002.03.21"]
[SourceQuality "1"]

1. d4 Nf6 2. c4 e6 3. Nf3 d5 4. g3 Be7 5. Bg2 O-O 6. O-O Nbd7 {Dieser Zug ist
ein seltener Gast in der modernen Turnierpraxis. Der schwarze Spieler (früher
Nenashev genannt) möchte die theoretischen Hauptvarianten vermeiden. Die
Partiefortsetzung führt zur sogenannte Geschlosssenen Variante der
Katalanische Eröffnung.} 7. Qc2 c6 8. b3 b6 9. Nbd2 (9. Rd1 $5 {Dieser
prophylaktische Zug kommt stark in Betracht - im Falle von 9...Bb7 kann Weiß
mit 10. Nc3 fortsetzen, während nach 9...Bb7 kann 10.Nbd2 kommen.}) 9... c5 10.
e4 Bb7 11. exd5 exd5 12. Bb2 (12. Ba3 dxc4 13. Qxc4 cxd4 14. Bxe7 Qxe7 15. Rfe1
{1/2-1/2 Moravec,M-Jirovsky,P/CSR 1991/EXT 2002 (15)}) 12... Re8 {Dieser
Turmzug scheint ein wenig ungewöhnlich zu sein, aber er ist logisch - Schwarz
stellt den Turm auf die einzige offene Linie.} (12... Rc8 13. dxc5 Bxc5 14.
Rad1 Qc7 15. Bh3 Rcd8 16. Rfe1 Rfe8 17. Qc3 Bf8 {1/2-1/2 Greenfeld,A-Liberzon,
V/Beersheba 1984/MCL (50)}) (12... Qc7 13. Rfe1 Rfe8 14. Rac1 Rac8 15. Qf5 g6
16. Qd3 Qd6 17. cxd5 Bxd5 18. Nc4 Qc6 19. Nce5 Qd6 20. Nc4 Qc6 {1/2-1/2 Weidel,
A-Woerz,M/Jedesheim 1991/EXT 97 (30)}) 13. Rad1 {[%cal Gd2d8]} (13. dxc5 dxc4 (
13... Nxc5 $11) 14. Nxc4 Be4 15. Qe2 Nxc5 16. Rfd1 Qc7 17. Be5 Qb7 18. Bxf6
gxf6 $2 (18... Bxf6 19. Nd6 {[%cal Rd6e8,Rd6b7]} Bxf3 20. Qxf3 Qxf3 21. Bxf3
Bxa1 22. Rxa1 $11) 19. Nh4 Bxg2 20. Nxg2 Qe4 21. Nce3 {1-0 Lilienthal,
A-Simagin,V/Moscow 1949/MCD (57)}) 13... Qc7 $11 {Die Bauernstellung ist
symmetrisch, Weiß hat beide Läufer auf den langen Diagonalen, aber das hat
keine große Bedeutung.} 14. Qf5 (14. Rfe1) 14... Rad8 {Das ist die Pointe des
schwarzen Spiels mit 12...Re8 - er möchte gar nicht den Turm nach c8 stellen -
jetzt kontrollieren beide Türme die mittleren Linien.} 15. Rfe1 h6 {Beide
Spieler verfolgen eine Wartestrategie. Es ist wahr, dass im Falle von 15...
dxc4 Weiß kann 16.Nxc4 spielen und der früher passive d2N steht plötzlich
aktiv. Mit dem Textzug verbessert Schwarz seine Königstellung ein wenig. Weiß
hat jetzt praktisch dieselben Probleme wie Schwarz - wenn er 16.dxc5 spielt.
In diesem Fall wird der relativ passive d7N aktiv auf c5.} 16. Ne5 cxd4 (16...
dxc4 17. Ndxc4 (17. Bxb7 Qxb7 $11) 17... Bxg2 18. Kxg2 $11) 17. Bxd4 Bb4 $1 {
[%cal Gb4e1]} 18. cxd5 (18. Nxd7 Rxe1+ 19. Rxe1 Qxd7 20. Qxd7 Nxd7 21. Re2 Nc5
$11) 18... Bxd5 19. Bf1 $2 {Dieser Zug ist sehr passiv und gefällt mir nicht -
Weiß spielt schlecht in dieser scharfen Situation. Übrigens wurde diese Partie
war auf dem ersten Brett des Opens in der 7. Runde gespielt.} (19. Bxd5 Nxe5 (
19... Nxd5 $2 20. Qxf7+ $18) 20. Rxe5 (20. Bxe5 Rxd5 21. Bxc7 Rxe1+ 22. Rxe1
Rxf5 23. Re2 Rc5 $36) 20... Rxe5 21. Bxe5 (21. Qxe5 Qxe5 22. Bxe5 Rxd5 $19 {
[%csl Rd2][%cal Rd5d1]}) (21. Bxf7+ Kxf7 22. Bxe5 Qc5 $19) 21... Rxd5 22. Bxc7
Rxf5 23. Nc4 $11) 19... Nxe5 20. Bxe5 {[#]} Rxe5 $1 {[%mdl 64] Mit diesem
schönen und originellen Qualitätsopfer gewinnt Schwarz eigentlich Material.
Die Pointe des schwarzen Spiels ist, dass am Ende der d2N in der Fesselung auf
der d-Linie bleibt.} 21. Qxe5 (21. Rxe5 Be6 22. Rxe6 fxe6 23. Qxe6+ Kh8 24. Qe2
Qd7 {[%csl Rd2][%cal Rd8d1]}) 21... Qxe5 22. Rxe5 Be6 $1 {[%csl Rd2]} 23. Bc4 (
23. Re2 Bg4 24. f3 Bxf3 25. Nxf3 Rxd1 $17) 23... Bxc4 24. bxc4 Rxd2 25. Rxd2
Bxd2 $17 {[%mdl 4096] Schwarz hat zwei Leichtfiguren gegen den Turm und mit
gutem Spiel muss er seinen Vorteil verwerten.} 26. Re7 Bb4 (26... a5 $6 27. Rb7
$15) 27. Rxa7 Bc5 {[%csl Rf2][%cal Gc5g1]} 28. a4 {Weiss möchte so viel wie
möglich an Material tauschen.} (28. Kg2 Ng4 29. f4 Ne3+ $17 {[%cal Re3g2,Re3c4]
}) 28... Ne4 29. a5 bxa5 30. Rxa5 Bxf2+ 31. Kg2 Bc5 32. Ra8+ Bf8 $5 (32... Kh7
$143 33. Re8 f5 34. g4 $132) 33. g4 g6 {[%cal Gg8g7]} 34. Rd8 Kg7 35. h4 Nc5
36. Kf3 Be7 37. Rd5 Kf6 {Stufenweise verbessert Schwarz seine Stellung.} 38.
Rd1 Ke6 39. Re1+ Kd7 40. Rd1+ Bd6 41. Ke3 Ke6 42. Kd4 Nd7 {[%cal Gd7e5,Ge5g4]}
43. Re1+ Be5+ 44. Ke4 Bg3 {[%csl Rh4]} 45. Rh1 Ne5 {[%csl Ge5,Gg3]} 46. c5 (46.
g5 h5 $19) 46... Bf2 {Der Läufer steht ausgezeichnet - es hängt der c5P und
Weiß muss auch den h4-Bauern verteidigen.} 47. h5 f5+ (47... g5 $17) 48. gxf5+
gxf5+ 49. Kf4 Nd3+ 50. Kf3 Bxc5 {Endlich hat Schwarz den c-Bauern gewonnen.
Die nächste Aufgabe ist die Eroberung des h5-Bauern.} 51. Ra1 Ne5+ 52. Kf4 Bd6
53. Ra8 Kf6 54. Rg8 Bb4 55. Kg3 Bd2 56. Kh4 Bg5+ 57. Kh3 Ke6 58. Re8+ {Die
Stellung ist praktisch gewonnen für Schwarz, aber Weiß kann noch kämpfen - er
hat viele Schachmöglichkeiten.} Kd5 59. Kg3 Ke4 60. Kg2 Kf4 61. Kh3 Ng4 62. Ra8
Nf6 63. Ra4+ Kf3 (63... Ne4) 64. Ra5 Kf4 65. Ra4+ Ne4 66. Ra8 Bf6 67. Rg8 Kf3
68. Ra8 Ng5+ 69. Kh2 Kg4 (69... Be5+) 70. Ra5 Bd4 71. Kg2 (71. Ra4 f4 72. Rxd4
Nf3+ $19 {[%cal Rf3h2,Rf3d4]}) 71... f4 72. Ra4 Be3 73. Ra6 Kxh5 $19 {Jetzt
ist der Gewinn ganz leicht - Weiß kann hier aufgeben.} 74. Rf6 Bd2 (74... f3+
$4 75. Rxf3 Nxf3 76. Kxf3 $11) 75. Kf1 Ne4 76. Re6 Ng3+ 77. Kf2 Nf5 78. Re8 Bc3
79. Kf3 Kg5 80. Rf8 (80. Rg8+ Bg7 $19) 80... Bg7 81. Ra8 Nd4+ 82. Kf2 Bf6 83.
Ra1 h5 {Mit zwei Bauern und zwei Leichtfiguren gegen den Turm hat Schwarz
keine technischen Probleme. Weiß hat nur eine Hoffnung - das Endspiel Läufer
und h-Bauern zu erreichen, welches theoretisch remis wäre, da das
Verwandlungsfeld des h-Bauern "schlecht" ist.} 84. Ra8 Kg4 85. Rg8+ Bg5 86. Kg2
h4 87. Rh8 Nf5 88. Kf2 h3 89. Kg1 f3 90. Rg8 Ng3 91. Rf8 Ne4 92. Kh2 Bf4+ 0-1

[Event "Madrid Magistral 6th"]
[Site "Madrid"]
[Date "1997.05.22"]
[Round "2"]
[White "Beliavsky, Alexander G"]
[Black "Akopian, Vladimir Eduardovic"]
[Result "1/2-1/2"]
[WhiteElo "2665"]
[BlackElo "2655"]
[Annotator "Ribli,Z"]
[PlyCount "87"]
[EventDate "1997.06.??"]
[EventType "tourn"]
[EventRounds "9"]
[EventCountry "ESP"]
[EventCategory "17"]
[SourceTitle "CBM 059"]
[Source "ChessBase"]
[SourceDate "1997.08.01"]
[SourceVersion "1"]
[SourceVersionDate "1997.08.01"]
[SourceQuality "1"]

1. d4 Nf6 2. c4 e6 3. g3 d5 4. Bg2 Be7 5. Nf3 O-O 6. O-O c6 {Die sogenannte
geschlossene Katalanische Verteidigung. Schwarz nimmt nicht auf c4, sondern
beendet zuerst seine Entwicklung.  Ich glaube, daß dieses System durch ein
Schachgebot im vierten Zug mit 4...Bb4+ 5.Bd2 für Schwarz noch verbessert
werden kann, denn der nach d2 getriebene Läufer kann nicht so schnell (nach
b2-b3) auf das bessere Feld Bb2 entwickelt werden, von wo aus er die große
Diagonale beherrscht.  Auf d2 steht der Läufer nicht gut. Ribli.} 7. Qc2 Nbd7
8. Rd1 (8. Bf4 Nh5 9. Bc1 Nhf6 10. b3 b6 11. Rd1 Ba6 12. Nbd2 Rc8 13. e4 c5 14.
exd5 exd5 15. a4 Re8 16. Bb2 Bb7 17. Rac1 Qc7 18. Re1 dxc4 19. Nxc4 Qb8 20.
Nfe5 Bxg2 {1/2-1/2 Tukmakov,V-Ribli,Z/Groningen PCA 1993}) 8... b6 9. b3 Ba6 $5
(9... Bb7 10. Nc3 Rc8 11. e4 c5 12. exd5 exd5 13. dxc5 dxc4 14. b4 bxc5 15. b5
$14 {In dieser bekannten Variante steht Weiß vorteilhaft, weil der schwarze
Mehrbauer nicht zu halten ist, und nach dem drohenden Springermanöver Nd2-Nxc4
hat Weiß eine dauerhafte Initiative. Ribli.}) 10. Nbd2 Rc8 11. e4 c5 {Wir
haben jetzt einen scharfen Kampf im Zentrum. Die Opposition der Dame und des
Turms in der c-Linie ist unangenehm für Weiß. Ribli.} 12. exd5 exd5 13. Qf5 $5
(13. Bb2 cxd4 (13... b5 $6 14. cxd5 c4 {[%csl Gc4]} 15. bxc4 bxc4 16. Ne5 Nxd5
17. Ne4 Nb4 18. Qc3 Nd3 19. Ba3 N7xe5 20. dxe5 Bxa3 21. Qxa3 Qb6 22. Rab1 Bb5
23. Qc3 {1-0 Umanskaya,I-Ilinsky,V/Moscow-ch op 1995 (32)}) (13... Re8 14. Qf5
g6 (14... Nf8 15. Rac1 g6 16. Qb1 b5 17. cxd5 Qxd5 18. dxc5 Rxc5 19. Nd4 Qh5
20. Nc6 Rf5 21. Nxe7+ Rxe7 22. Bxf6 {1-0 Chekhov,V-Lputian,S/UR-chYM Riga 1980
(37)}) 15. Qh3 b5 16. Ne5 bxc4 17. Nxd7 cxd4 18. Nxf6+ Bxf6 19. bxc4 dxc4 20.
Ne4 Bg7 {0-1 Griego,D-Vaganian,R/Philadelphia World op 1994 (37)}) (13... dxc4
14. d5 cxb3 15. axb3 Be2 16. Re1 Bb5 17. Nh4 Re8 18. Rxa7 Bd6 19. Raa1 Ne5 20.
Nc4 Nxc4 21. bxc4 Bd7 22. Nf3 h6 23. h3 Qc7 24. Qc3 {Cvitan,O-Godena,M/Geneve
op 1996/1/2-1/2 (80)}) (13... Bb7 14. Rac1 dxc4 15. Qxc4 cxd4 16. Qxd4 Rxc1 17.
Rxc1 Nc5 18. Ne5 Bxg2 19. Kxg2 Qa8+ 20. Ndf3 a5 21. Qc4 Nfe4 {1/2-1/2
Kabatianski,A-Almasi,Z/BL 1996}) 14. Nxd4 b5 15. Qf5 bxc4 16. bxc4 Qb6 (16...
Bxc4 17. Nxc4 Rxc4 18. Bxd5 g6 $146 (18... Nxd5 19. Qxd5 Nb6 20. Qxd8 Bxd8 21.
Nf5 Bf6 22. Bxf6 gxf6 23. Rd6 {Ghitescu,Th-Radulov,I/Bucuresti/1971/1-0 (58)})
19. Qg5 Nxd5 20. Qxd5 Nb6 21. Nf5 $1 {Nielsen,P-Danielsen,H/DEN-ch 1996/1-0 
(75)}) (16... g6 $5 17. Qg5) 17. Rab1 dxc4 18. Ne4 (18. Ba3 Bxa3 19. Rxb6 axb6
20. Nc6 Rfe8 21. Nb1 Bc5 22. Nc3 g6 23. Qb1 Ne5 24. Nb4 Nd3 25. Nxa6 Bxf2+ 26.
Kh1 Bd4 {1-0 Sosonko,G-Radulov,I/EU-chT Plovdiv 1983 (35)}) 18... g6 19. Qh3
Qa5 20. Bc3 Qa3 {1/2-1/2 Tatenhorst,V-Sosonko,G/Bled op18th 1997}) (13. a4 Re8
14. Bb2 Bb7 15. Rac1 Qc7 16. Re1 dxc4 17. Nxc4 Qb8 18. Nfe5 Bxg2 {remis
Tukmakov,V-Ribli,Z Groningen PCA 1993}) 13... Bb7 (13... g6 14. Qh3 cxd4 (14...
b5 $2 15. cxd5 c4 (15... Nxd5 16. Ne4 c4 17. Nfg5 {Mit der Nebendrohung 18.Ne6.
Ribli.}) 16. Ng5 $1 (16. Ne5 Nb6 17. Nc6 $2 Rxc6 18. dxc6 Qxd4 $132) 16... Qb6
17. Nde4 Rfd8 18. Bf4 $36 Bf8 19. d6 h6 20. Ne6 $1 $16 {Stangl,M-Horvath,Cs./
Balatonbereny,1997.}) (14... h5 15. Bb2 Rc7 (15... cxd4 16. Bxd4 Nc5 17. Ne5
Rc7 18. Bf3 {1/2-1/2 Ninov,K-Popov,P/Bankia tt 1992}) 16. Bh1 Bb7 (16... Bc8
17. Qf1 $14) 17. Re1 Ng4 18. Rad1 Re8 {Cifuentes Parada,R-Sosonko,G/NLD-ch
1992/1/2-1/2 (59)}) 15. Nxd4 Ne5 $13) 14. Bb2 dxc4 15. Nxc4 b5 (15... Qc7 16.
d5 Bd6 17. Ng5 h6 18. Ne6 Qb8 19. Nxg7 Kxg7 20. Qxd7 Be5 21. Nxe5 Nxd7 22.
Nxd7+ f6 23. Nxb8 {1-0 Kabatenski,A-Niessen,H/Baden Baden op 1993}) 16. d5 $13
(16. Nce5 c4 17. bxc4 bxc4 18. Nxd7 Qxd7 19. Qxd7 Nxd7 20. Ne5 Bxg2 21. Nxd7
Bf3 22. Nxf8 Bxd1 23. Rxd1 Kxf8 24. Bc3 {1-0 Rotstein,A-Lputian,S/Wijk op 1993
(63)}) 16... bxc4 {Schwarz spielt auf Ausgleich und möchte nicht das "hölzerne
Pferd von Troja" rauben, in diesem Fall den Bauer auf d5. Ribli.} (16... Bxd5
17. Ng5 $5 (17. Nce5 Be6 18. Qc2 Qc7) (17. Rxd5 Nxd5 18. Qxd5 bxc4 $17) 17...
g6 (17... Bxg2 18. Bxf6 {[%csl Rh7]} g6 19. Bxe7 gxf5 (19... Qxe7 20. Rxd7 $18)
20. Bxd8 Rfxd8 21. Kxg2 bxc4 22. bxc4 $14) (17... bxc4 18. Bxd5 $40) 18. Qh3
Bxg2 19. Qh6 (19. Kxg2 Qc7) 19... Re8 (19... bxc4 20. Rxd7 Qxd7 21. Bxf6 $18) (
19... Bd5 20. Rxd5 $18) 20. Bxf6 Nxf6 21. Rxd8 Rcxd8 22. Kxg2 $16) (16... Nxd5
17. Ng5 $5 (17. Ne3 Nxe3 18. fxe3 Rc7 19. Be5 (19. Ne5 Bc8) 19... Nxe5 20. Rxd8
Nxf3+ 21. Bxf3 Rxd8 22. Bxb7 Rxb7 $11 {Schwarz hat eine feste Stellung.Ribli.})
17... Bxg5 18. Bxd5 (18. Nd6 Ne3 (18... Ne7 19. Qxg5 $18) 19. fxe3 Bxe3+ 20.
Kh1 Bxg2+ 21. Kxg2 Rc7) 18... Bxd5 (18... bxc4 19. Bxb7 Rc7 20. Bc6 Rxc6 21.
Rxd7 $18) 19. Rxd5 bxc4 20. Rxd7 g6 21. Qe5 $18 (21. Qd5)) 17. d6 Re8 $1 (17...
Bxd6 18. Rxd6 cxb3 19. Bxf6 $18) 18. dxe7 Qxe7 19. bxc4 Rb8 $11 {[%cal Yb8b2]}
20. Bc3 Qe4 {Schwarz ist sehr aktiv auf der großen Diagonalen, und das weiße
Läuferpaar hat keine große Bedeutung. Ribli.} 21. Qxe4 Bxe4 22. Bd2 (22. Re1)
22... h6 23. Rdc1 {Schwarz steht aktiv, aber Weiß kann sich gegen die
Drohungen leicht verteidigen. Die symmetrische Bauernstellung läßt als
Partieausgang ein Remis erwarten. Ribli.} Rb2 24. Bc3 Re2 25. h3 {Gegen 25...
Ng4 gerichtet. Ribli.} Re6 26. a4 Nb6 {[%csl Rc4]} 27. Ne1 {Weiß muß den guten
Läufer e4 tauschen. Ribli.} Bxg2 28. Nxg2 Rd6 (28... Nxc4 29. Nf4 $16 (29. Bxf6
Rxf6 30. Rxc4 Rfxf2 31. Nf4)) 29. a5 Nbd7 30. Kf1 Re4 31. Ne3 Ne5 {[%csl Ge5]}
32. Bxe5 Rxe5 {Die Stellung ist ausgeglichen, und ich kann mir nicht
vorstellen, wie Weiß oder Schwarz daran etwas ändern kann. Ribli.} 33. Rd1 Rd4
{[%csl Gd4]} 34. a6 Ne4 {[%cal Re4g3]} 35. Kg2 Re6 {[%csl Ra6]} 36. Rxd4 cxd4
37. Nd5 {[%csl Ra6,Gd4,Gd5]} Nc5 38. Ra5 {Weiß muß diesen Bauern geben, aber
seine aktiven Figuren sichern das Remis. Ribli.} (38. Rd1 d3 {[%csl Gd3]})
38... Nxa6 (38... Rc6 $3 39. Ne7+ $18) 39. Nf4 {Der Springer zielt nach d3,wo
er hat eine feste Blockadestellung.Ribli.} Rc6 40. Nd3 Kf8 (40... Nb8 41. c5 (
41. Rxa7 Rxc4 42. Ra8 Rc8 43. Kf3 $11) 41... a6 (41... Ra6 42. Rb5 Nc6 43. Kf3
$44) 42. Kf3) 41. c5 Ke8 42. Kf3 $44 {[%cal Rf3d5]} Nc7 43. Rxa7 Na6 44. Ke4 (
44. Ke4 Nxc5+ 45. Nxc5 Rxc5 46. Kxd4 $11) 1/2-1/2

[Event "POL-ch 63rd"]
[Site "Krakow"]
[Date "2006.03.09"]
[Round "13"]
[White "Markowski, Tomasz"]
[Black "Wojtaszek, Radoslaw"]
[Result "1-0"]
[WhiteElo "2565"]
[BlackElo "2605"]
[Annotator "Ribli,Z"]
[PlyCount "107"]
[EventDate "2006.02.25"]
[EventType "tourn"]
[EventRounds "13"]
[EventCountry "POL"]
[EventCategory "12"]
[SourceTitle "CBM 112"]
[Source "ChessBase"]
[SourceDate "2006.06.07"]
[SourceVersion "1"]
[SourceVersionDate "2006.06.07"]
[SourceQuality "1"]

1. Nf3 Nf6 2. c4 e6 3. g3 d5 4. Bg2 Be7 5. O-O O-O 6. d4 Nbd7 7. Qc2 c6 8. b3
b6 9. Bb2 {Statt dieser Fortsetzung ist 9.Rd1 populärer und im Falle von 9...
Ba6 kann Weiß 10.Nbd2 ziehen, während nach 9...Bb7 kommt 10.Nc3.} Ba6 10. Nbd2
c5 11. Rac1 (11. e4 $5 Rc8 (11... dxe4 12. Nxe4 $14 (12. Ne5 Bb7 13. Nxe4 Nxe4
14. Bxe4 Bxe4 15. Qxe4 Nxe5 16. dxe5 Qd2)) (11... dxc4 12. e5 cxb3 13. axb3
Bxf1 14. exf6 Bxg2 15. fxe7 Qxe7 16. Kxg2 $14)) 11... Rc8 12. Qb1 cxd4 13. Nxd4
Bc5 14. cxd5 Nxd5 {Die Bauernstellung ist symmetrisch, Weiß hat zwei Läufer
auf den großen Diagonalen, seine Stellung ist ein wenig aktiver.} (14... exd5
$5 15. Rfe1 Re8 16. e3 Ne5) 15. Ne4 $5 {[%csl Gb2,Gd4,Ge4,Gg2][%mdl 4]} (15.
Nc4 N7f6 16. Nf3 Qe7 {1/2-1/2 Lengyel,L-Radulov,I/Kecskemet 1972/EXT 97 (16)})
15... Qe7 (15... Bxd4 16. Bxd4 Bxe2 17. Rxc8 Qxc8 18. Re1 Bh5 19. Qb2 $44) 16.
Nxc5 bxc5 (16... Nxc5 17. Bxd5 (17. Rfd1 $14) 17... exd5 18. Nf5 Qxe2 19. Rfe1
Qg4 20. Ne7+ $16) 17. Bxd5 cxd4 18. Be4 Nf6 (18... f5 19. Bd3 $14) 19. Bxd4 e5
(19... Nxe4 20. Qxe4 $16) 20. Bb2 Bxe2 21. Rxc8 Rxc8 22. Bf5 $14 {[%csl Gb2,
Gf5] Das weiße Läuferpaar ist aktiv, der e5P ist eine potentielle Schwächung
der schwarzen Stellung.} (22. Re1 Bg4 23. Bf5 $16) 22... Bxf1 (22... Rd8 23.
Re1) 23. Bxc8 Bb5 24. Qc2 $6 (24. Qc1) 24... Qb4 $132 {[%cal Rb4e1,Re1g1] Nach
diesem Zug bekommt Schwarz Gegenspiel.} 25. Qd1 Bc6 {[%cal Gc6h1]} (25... Qe4)
26. Qe2 (26. Bxe5 $4 Qe4 $19) 26... Ne4 (26... Qa5 {[%cal Ra5d5,Rc6h1]}) 27.
Bg4 f6 28. Bf3 g6 (28... Nc3 29. Bxc3 Qxc3 30. Bxc6 Qxc6 $11 31. Qc4+ $2 Qxc4
32. bxc4 Kf7 33. Kf1 Ke6 34. Ke2 Kd6 35. Kd3 Kc5 36. Kc3 e4 $19) (28... Bd5)
29. Qe3 Qb7 30. h4 a6 31. Ba3 {[%cal Ga3f8]} Kg7 32. Bd1 Qd7 33. Be2 Bb7 34.
Bb4 Qc6 $2 35. Qh6+ $3 $18 {[%csl Gb4,Ge2,Rg7,Gh6][%mdl 64] Ein unerwarteter
und sehr starker Zug!} Kf7 {Das ist der "einzige" Zug, nach anderen Zügen
kommt Matt auf f8.} (35... Kxh6 36. Bf8#) 36. Qxh7+ Ke6 37. Bg4+ (37. Bc4+ Kf5
38. h5 $18) 37... Kd5 38. Qd7+ $6 {Nach diesem Zug gewinnt Weiß langsam, aber
sicher.} (38. Be2 $18) (38. Qxg6 $18) 38... Qxd7 39. Bxd7 Bc6 40. Bc8 Bb5 41.
Kg2 Kd4 42. g4 {[%csl Gg4,Gh4][%cal Gh4h5]} Nc3 43. a4 (43. h5 $1 gxh5 44. gxh5
Nxa2 45. Be7 Nc3 46. h6 Bd3 47. Bxa6 $18) 43... Bc6+ 44. Kf1 Nd5 45. Ba5 (45.
Bd2 $18) 45... Nf4 46. Bxa6 Bf3 47. g5 (47. Bc8 $18) 47... f5 48. Bd2 Nd3 49.
Bc4 {[%cal Gc4f7,Gf7g6]} f4 50. Ba5 Nc1 (50... e4 51. Bb6+ Kc3 52. a5 $18) 51.
Bc7 Bd1 52. Bf7 Nxb3 53. Bxg6 Bg4 54. Ke1 1-0